| 000 | 01409cam a22003137a 4500 | ||
|---|---|---|---|
| 999 |
_c14678 _d14678 |
||
| 003 | EG-ScBUE | ||
| 005 | 20191229104507.0 | ||
| 008 | 100822s1977 ua f b 000 0 ara d | ||
| 040 |
_aEG-ScBUE _bara _erda _cEG-ScBUE _dEG-ScBUE |
||
| 043 | _af-ua--- | ||
| 082 | 0 | 4 |
_a492.7070962 _bج ن ا _222 |
| 100 | 1 |
_917585 _aجنابي ، أحمد نصيف، _eمؤلف. |
|
| 245 | 1 | 2 |
_aالدراسات اللغوية والنحوية في مصر : _bمنذ نشأتها حتى نهاية القرن الرابع الهجرى / _cالدكتور أحمد نصيف الجنابي، المدرس بكلية الآداب، الجامعة المستنصرية، بغداد |
| 264 | 1 |
_aالقاهرة : _bمكتبة دار التراث، _c1977. |
|
| 300 |
_a813 صفحة ؛ _c24 سم |
||
| 336 |
_2rdacontent _aنص _btxt |
||
| 337 |
_2rdamedia _aبدون وسيط _bn |
||
| 338 |
_2rdacarrier _aمجلد _bnc |
||
| 500 | _aساعدت الجامعة المستنصرية على نشر هذا الكتاب. | ||
| 504 | _aيشتمل على إرجاعات ببليوجرافية. | ||
| 541 |
_aألف باء ؛ _cشراء ؛ |
||
| 590 | _abasantemad | ||
| 650 | 7 |
_aاللغة العربية _xتعليم وتدريس _zمصر _2BUEsh _917593 |
|
| 650 | 7 |
_aاللغة العربية _xتاريخ _zمصر _2BUEsh _917596 |
|
| 651 | _2BUEsh | ||
| 653 |
_bGGEN _cDecember2019 |
||
| 655 | _vReading book | ||
| 942 |
_2ddc _cBB |
||